Zahraničnoobchodná spolupráca SR a RK bakalárska práca

Guardado en:
Detalles Bibliográficos
Autor principal: Fábryová, Veronika
Autor Corporativo: Obchodná fakulta EU. Katedra medzinárodného obchodu
Otros Autores: Belejová, Martina
Formato: Libro
Lenguaje:eslovaco
Publicado: Bratislava 2010
Etiquetas: Agregar Etiqueta
Sin Etiquetas, Sea el primero en etiquetar este registro!

MARC

LEADER 00000nam$a2200000$$$4500
001 0133944
005 20240320074641.3
041 0 |a slo 
044 |a SK 
245 1 0 |a Zahraničnoobchodná spolupráca SR a RK  |b bakalárska práca  |c Veronika Fábryová ; školiteľ: Martina Belejová 
264 1 |a Bratislava  |c 2010 
300 |a 55 s. 
100 1 |a Fábryová, Veronika 
700 1 |a Belejová, Martina 
710 2 |a Obchodná fakulta EU. Katedra medzinárodného obchodu